00655 2200241 4500001002100000005001700021008004100038035002400079082001000103090001700113100002200130245007700152260002800229300001900257500004200276650002400318700001200342850001300354980001500367985000600382986001000388999001500398YOGYA-0209000002125720090227023521.0 ind  0010-020900000021257 a650.1 a650.1bCas N aCASSON, Herbert N aNasihat bisnis paling jempolancHerbert N. Cusson ; alih bahasa, Suyatno aJakartabHalirangc1995 a142 hlmc21 cm aJudul asli : Key Success for business aSukses dalam bisnis aSuyatno aYOPDYOGB a07-08-2006 a1 artrev a98A0029594